[Event "Guernsey Open 2013"]
[Site "Guernsey GCI"]
[Date "2013.10.21"]
[Round "2"]
[White "Kuenstler, Siegfried"]
[Black "Dijksterhuis, Rolf"]
[Result "1/2-1/2"]
[WhiteElo "1885"]
[BlackElo "1988"]
[PlyCount "78"]
[EventDate "2013.10.20"]
[EventType "swiss"]
[EventRounds "7"]

1. e4 c5 2. b3 Nc6 3. Bb2 e5 4. Nf3 d6 5. Bb5 Nf6 6. Nc3 Be7 7. O-O O-O 8. Bxc6
bxc6 9. d3 Bg4 10. h3 Bh5 11. Qe2 Ne8 12. g4 Bg6 13. Nd1 Nc7 14. Ne3 Ne6 15.
Ng2 f6 16. Nfh4 Bf7 17. Nf5 Re8 18. Qd2 Bf8 19. f4 g6 20. Nfe3 Bh6 21. fxe5
fxe5 22. Qf2 Nf4 23. Nxf4 Bxf4 24. Ng2 g5 25. Ne3 Be6 26. Nf5 Bxf5 27. exf5 Qb6
28. Bc1 Re7 29. Be3 Rae8 30. Kg2 Qb4 31. Rae1 Qc3 32. Re2 Kf7 33. Rfe1 h6 34.
a4 Bxe3 35. Rxe3 Kf6 36. R1e2 d5 37. Qg3 Qd4 38. Qe1 Qf4 39. Qg3 Qd4 1/2-1/2

[Event "Guernsey Open 2013"]
[Site "Guernsey GCI"]
[Date "2013.10.21"]
[Round "2"]
[White "Hickman, John"]
[Black "Daly, Patrick"]
[Result "1/2-1/2"]
[WhiteElo "1986"]
[BlackElo "1865"]
[PlyCount "121"]
[EventDate "2013.10.20"]
[EventType "swiss"]
[EventRounds "7"]

1. e4 e6 2. d3 d5 3. Nd2 Nf6 4. Ngf3 c5 5. g3 Nc6 6. Bg2 Be7 7. O-O O-O 8. e5
Nd7 9. Re1 Qc7 10. Qe2 a5 11. Nf1 b5 12. h4 Nd4 13. Nxd4 cxd4 14. Bf4 Bb7 15.
Nh2 Bb4 16. Rec1 Rfc8 17. Nf3 Qb6 18. Ng5 Rc7 19. Qh5 Nf8 20. Bh3 Bc6 21. a3
Bc5 22. Bd2 Be8 23. b4 axb4 24. axb4 Rxa1 25. Rxa1 Be7 26. Ra8 Bxg5 27. Bxg5
Qc6 28. Rd8 Rc8 29. Rxc8 Qxc8 30. Bf6 Qxc2 31. Qg5 Ng6 32. h5 Qd1+ 33. Kg2 h6
34. Qg4 Qxg4 35. Bxg4 gxf6 36. hxg6 fxe5 37. f3 Bd7 38. gxf7+ Kxf7 39. Kh3 Bc6
40. Kg2 e4 41. f4 Kf6 42. Kf2 Be8 43. Be2 e3+ 44. Kg2 e5 45. fxe5+ Kxe5 46. Kh3
Kf5 47. Kh4 Bg6 48. Bg4+ Kf6 49. Be2 Kg7 50. Bf1 Bf5 51. Be2 Be4 52. Kg4 Kf6
53. Kh5 Kg7 54. Kg4 Bg6 55. Kh4 Kf6 56. Kg4 h5+ 57. Kh4 Bf7 58. Bf3 Kf5 59. Be2
Bg6 60. Bf3 Bf7 61. Be2 1/2-1/2

[Event "Guernsey Open 2013"]
[Site "Guernsey GCI"]
[Date "2013.10.21"]
[Round "2"]
[White "Murray, Jim"]
[Black "Hawkins, J Nick"]
[Result "1/2-1/2"]
[WhiteElo "1868"]
[BlackElo "1981"]
[PlyCount "80"]
[EventDate "2013.10.20"]
[EventType "swiss"]
[EventRounds "7"]

1. e4 e5 2. Nf3 Nc6 3. Bb5 a6 4. Ba4 Nf6 5. O-O Nxe4 6. d4 b5 7. Bb3 d5 8. dxe5
Be6 9. c3 Bc5 10. Bf4 O-O 11. Nbd2 Bf5 12. Qe2 Nxd2 13. Qxd2 Ne7 14. Rad1 c6
15. h3 Ng6 16. Bg3 Re8 17. Bc2 Bxc2 18. Qxc2 Qd7 19. Rfe1 Rad8 20. Qd3 Qc8 21.
Kh1 Nf8 22. Nh4 Ne6 23. f4 Bf8 24. Qf5 Nc5 25. Qxc8 Rxc8 26. Bf2 Ne4 27. Be3 g5
28. fxg5 Rxe5 29. Nf3 Ree8 30. Kg1 Bg7 31. Bd4 Bf8 32. Be3 Be7 33. g4 b4 34. c4
dxc4 35. Rd4 Nd6 36. Bf4 Nb7 37. Rxc4 Bc5+ 38. Kf1 Rxe1+ 39. Kxe1 a5 40. Kf1
Bd6 1/2-1/2

[Event "Guernsey Open 2013"]
[Site "Guernsey GCI"]
[Date "2013.10.22"]
[Round "3"]
[White "Norman, Kenneth I"]
[Black "Tiviakov, Sergei"]
[Result "0-1"]
[WhiteElo "2185"]
[BlackElo "2652"]
[PlyCount "74"]
[EventDate "2013.10.20"]
[EventType "swiss"]
[EventRounds "7"]

1. Nf3 Nf6 2. g3 b6 3. Bg2 Bb7 4. O-O g6 5. c4 Bg7 6. d4 O-O 7. d5 Na6 8. Nc3
Nc5 9. Qc2 c6 10. e4 cxd5 11. exd5 e6 12. dxe6 dxe6 13. Rd1 Qe7 14. Bf4 Nfe4
15. Nxe4 Bxe4 16. Qe2 Qb7 17. Rac1 Rfd8 18. Ne1 Bxg2 19. Nxg2 Qe4 20. Qxe4 Nxe4
21. f3 Nc5 22. Rxd8+ Rxd8 23. b3 Na6 24. Ne1 Nb4 25. a3 Nc6 26. Rc2 Rd1 27. Kf2
Ra1 28. a4 Rb1 29. Be3 Rxb3 30. c5 Bd4 31. Bxd4 Nxd4 32. cxb6 axb6 33. Rc4 Rb2+
34. Kg1 e5 35. g4 Re2 36. Kf1 Rxh2 37. Rb4 Rh1+ 0-1

[Event "Guernsey Open 2013"]
[Site "Guernsey GCI"]
[Date "2013.10.22"]
[Round "3"]
[White "Hillarp Persson, Tiger"]
[Black "Jackson, Oliver"]
[Result "1-0"]
[WhiteElo "2557"]
[BlackElo "2157"]
[PlyCount "69"]
[EventDate "2013.10.20"]
[EventType "swiss"]
[EventRounds "7"]

1. Nf3 d6 2. e4 c5 3. d4 cxd4 4. Nxd4 Nf6 5. Nc3 a6 6. Bc4 e6 7. Bb3 b5 8. O-O
Bb7 9. Re1 Nbd7 10. Bg5 Nc5 11. Bd5 Qc7 12. Bxf6 gxf6 13. b4 Nd7 14. Bxb7 Qxb7
15. Qh5 Qc8 16. Nce2 Qc4 17. a4 bxa4 18. Rxa4 Bg7 19. Rea1 O-O 20. R4a3 Rfb8
21. Rg3 Nf8 22. c3 Ng6 23. h4 Re8 24. Qg4 f5 25. exf5 exf5 26. Qxf5 Nxh4 27.
Rxg7+ Kxg7 28. Qg5+ Kh8 29. Qf6+ Kg8 30. Qxh4 Re6 31. Qh3 Rg6 32. Nf4 Rg7 33.
Qf3 Rc8 34. Nf5 Rg5 35. Ne7+ 1-0

[Event "Guernsey Open 2013"]
[Site "Guernsey GCI"]
[Date "2013.10.22"]
[Round "3"]
[White "Hagesaether, Arne"]
[Black "Hebden, Mark"]
[Result "0-1"]
[WhiteElo "2140"]
[BlackElo "2548"]
[PlyCount "56"]
[EventDate "2013.10.20"]
[EventType "swiss"]
[EventRounds "7"]

1. e4 e5 2. f4 exf4 3. Nf3 Be7 4. Bc4 Nf6 5. d3 d5 6. exd5 Nxd5 7. O-O O-O 8.
Bxd5 Qxd5 9. Bxf4 Bg4 10. Nc3 Qa5 11. Kh1 Nc6 12. Qe1 Bxf3 13. Rxf3 Bb4 14. Rh3
Bxc3 15. Qh4 Qf5 16. bxc3 Rfe8 17. Rf3 Ne5 18. Bxe5 Qxe5 19. Raf1 f6 20. Rh3 h6
21. Rg3 Re7 22. h3 Kh7 23. d4 Qe2 24. Rf2 Qe1+ 25. Kh2 g5 26. Qg4 Qxf2 27. Rf3
Qxc2 28. Rxf6 Rg8 0-1

[Event "Guernsey Open 2013"]
[Site "Guernsey GCI"]
[Date "2013.10.22"]
[Round "3"]
[White "Colin, Vincent"]
[Black "Purdon, Colin"]
[Result "1-0"]
[WhiteElo "2412"]
[BlackElo "2132"]
[PlyCount "89"]
[EventDate "2013.10.20"]
[EventType "swiss"]
[EventRounds "7"]

1. c4 e5 2. g3 Nf6 3. Bg2 c6 4. d4 exd4 5. Qxd4 Na6 6. Nc3 Bc5 7. Qe5+ Be7 8.
Nf3 O-O 9. O-O d6 10. Qf4 Nc7 11. e4 Ne6 12. Qd2 Nd7 13. b3 Ne5 14. Ne1 Qb6 15.
Kh1 Bf6 16. f4 Ng4 17. h3 Qd4 18. e5 dxe5 19. hxg4 exf4 20. Qxd4 Bxd4 21. Bb2
fxg3 22. Nc2 Be5 23. Rfe1 f6 24. Rad1 Nf4 25. Ne3 Be6 26. Na4 Bxb2 27. Nxb2
Rad8 28. Bf3 g6 29. Ng2 Nxg2 30. Kxg2 Kf7 31. Kxg3 h6 32. Nd3 Rfe8 33. Nc5 Rxd1
34. Rxd1 Bc8 35. Ne4 Rf8 36. Nd6+ Ke6 37. Be4 f5 38. gxf5+ gxf5 39. Bf3 f4+ 40.
Kf2 Ke7 41. c5 b6 42. Bxc6 bxc5 43. Nxc8+ Rxc8 44. Bb5 a6 45. Bc4 1-0

[Event "Guernsey Open 2013"]
[Site "Guernsey GCI"]
[Date "2013.10.22"]
[Round "3"]
[White "Lenier, Jude"]
[Black "Houska, Jovanka"]
[Result "1/2-1/2"]
[WhiteElo "2121"]
[BlackElo "2401"]
[PlyCount "48"]
[EventDate "2013.10.20"]
[EventType "swiss"]
[EventRounds "7"]

1. e4 c6 2. d4 d5 3. f3 e6 4. Nc3 Bb4 5. Bf4 Ne7 6. Qd3 O-O 7. Nge2 c5 8. a3
Bxc3+ 9. Qxc3 cxd4 10. Nxd4 Nbc6 11. O-O-O Nxd4 12. Qxd4 Nc6 13. Qc5 Qf6 14.
Bd6 Rd8 15. Bb5 Bd7 16. exd5 exd5 17. Rxd5 Be6 18. Rd2 Rac8 19. Rhd1 Na5 20.
Bc7 Rxd2 21. Rxd2 b6 22. Qd6 h6 23. Ba6 Re8 24. Bb5 Rc8 1/2-1/2

[Event "Guernsey Open 2013"]
[Site "Guernsey GCI"]
[Date "2013.10.22"]
[Round "3"]
[White "Adrian, Claude"]
[Black "Magnussen, Pal"]
[Result "1/2-1/2"]
[WhiteElo "2238"]
[BlackElo "1926"]
[PlyCount "53"]
[EventDate "2013.10.20"]
[EventType "swiss"]
[EventRounds "7"]

1. Nf3 Nf6 2. c4 c5 3. Nc3 g6 4. d4 Bg7 5. g3 O-O 6. Bg2 cxd4 7. Nxd4 Nc6 8.
Nc2 d6 9. O-O Be6 10. b3 Qa5 11. Bd2 Qh5 12. e4 Bg4 13. f3 Bd7 14. Qe2 Ne8 15.
Rad1 Nd4 16. Nxd4 Bxd4+ 17. Kh1 Nc7 18. Be1 Bf6 19. Nd5 Nxd5 20. Rxd5 Qh6 21.
Bd2 Qg7 22. f4 Bc6 23. Rd3 b5 24. g4 bxc4 25. bxc4 Rfb8 26. g5 Bd4 27. Be1
1/2-1/2

[Event "Guernsey Open 2013"]
[Site "Guernsey GCI"]
[Date "2013.10.22"]
[Round "3"]
[White "Spanton, Timothy"]
[Black "Prakken, Gerrit"]
[Result "1/2-1/2"]
[WhiteElo "2030"]
[BlackElo "2195"]
[PlyCount "75"]
[EventDate "2013.10.20"]
[EventType "swiss"]
[EventRounds "7"]

1. e4 e5 2. Nf3 Nc6 3. Nc3 g6 4. d4 exd4 5. Nd5 Bg7 6. Bg5 Nce7 7. Bc4 c6 8.
Nxe7 Nxe7 9. O-O O-O 10. Qd2 d5 11. exd5 cxd5 12. Bb3 Qd6 13. Nxd4 Nc6 14. Nxc6
bxc6 15. Rfe1 Be6 16. Rad1 Rfe8 17. Bf4 Qd7 18. c3 Bf5 19. Be3 a5 20. Bc5 a4
21. Rxe8+ Qxe8 22. Bc2 Bxc2 23. Qxc2 Qb8 24. h3 Qb5 25. Bd4 Re8 26. Bxg7 Kxg7
27. Qd2 Re2 28. Qd4+ Kg8 29. Rd2 Rxd2 30. Qxd2 Qc4 31. a3 c5 32. Qe3 Qb5 33.
Qe7 Qc6 34. Qe3 Qb5 35. Qe7 Qc4 36. Qe8+ Kg7 37. Qe5+ Kg8 38. Qe8+ 1/2-1/2

[Event "Guernsey Open 2013"]
[Site "Guernsey GCI"]
[Date "2013.10.22"]
[Round "3"]
[White "Bolt, Graham"]
[Black "Dilleigh, Steve"]
[Result "1/2-1/2"]
[WhiteElo "2026"]
[BlackElo "2135"]
[PlyCount "41"]
[EventDate "2013.10.20"]
[EventType "swiss"]
[EventRounds "7"]

1. g3 d5 2. Bg2 g6 3. d3 Bg7 4. Nc3 Nf6 5. e3 O-O 6. Nge2 c6 7. O-O Nbd7 8. a4
a5 9. e4 dxe4 10. dxe4 e5 11. h3 Qe7 12. b3 Rd8 13. Ba3 Qe8 14. Qc1 Bf8 15. Rd1
b6 16. Bxf8 Qxf8 17. Qd2 Bb7 18. Qd6 Qxd6 19. Rxd6 Kf8 20. Rad1 Ke7 21. R6d2
1/2-1/2

[Event "Guernsey Open 2013"]
[Site "Guernsey GCI"]
[Date "2013.10.22"]
[Round "3"]
[White "Hermes, Geoff"]
[Black "Minnican, Alan"]
[Result "0-1"]
[WhiteElo "1995"]
[BlackElo "2135"]
[PlyCount "42"]
[EventDate "2013.10.20"]
[EventType "swiss"]
[EventRounds "7"]

1. e4 e5 2. Nf3 Nc6 3. d4 exd4 4. Nxd4 Nf6 5. Nxc6 bxc6 6. e5 Qe7 7. Qe2 Nd5 8.
c4 Ba6 9. b3 g6 10. Bb2 Bg7 11. Qe4 f5 12. Qd4 Nb4 13. Na3 d6 14. f4 dxe5 15.
fxe5 Rd8 16. Qe3 O-O 17. Be2 Rfe8 18. O-O Bxe5 19. Bxe5 Qxe5 20. Qxe5 Rxe5 21.
Bf3 Ra5 0-1

[Event "Guernsey Open 2013"]
[Site "Guernsey GCI"]
[Date "2013.10.22"]
[Round "3"]
[White "Reijneveld, Ad"]
[Black "Campbell, Ian"]
[Result "1/2-1/2"]
[WhiteElo "2135"]
[BlackElo "2004"]
[PlyCount "57"]
[EventDate "2013.10.20"]
[EventType "swiss"]
[EventRounds "7"]

1. Nc3 d5 2. e4 d4 3. Nce2 e5 4. Ng3 Be6 5. c3 c5 6. Bb5+ Nc6 7. Nf3 f6 8. O-O
Nge7 9. cxd4 cxd4 10. d3 g6 11. Bc4 Bxc4 12. dxc4 Bg7 13. Ne1 O-O 14. Nd3 b6
15. f4 exf4 16. Bxf4 Ne5 17. Bxe5 fxe5 18. Rxf8+ Qxf8 19. Qg4 Qc8 20. Qxc8+
Rxc8 21. Rc1 Kf7 22. Kf1 Ke6 23. Ke2 Bh6 24. Rc2 Bf8 25. Nf1 Nc6 26. Nd2 Nb4
27. Nxb4 Bxb4 28. Nf3 Be7 29. Ne1 1/2-1/2

[Event "Guernsey Open 2013"]
[Site "Guernsey GCI"]
[Date "2013.10.22"]
[Round "3"]
[White "Hamperl, Fred A"]
[Black "Casiot, David"]
[Result "1-0"]
[WhiteElo "2129"]
[BlackElo "1979"]
[PlyCount "41"]
[EventDate "2013.10.20"]
[EventType "swiss"]
[EventRounds "7"]

1. e4 e5 2. Nf3 Nc6 3. d4 exd4 4. Nxd4 Nxd4 5. Qxd4 d6 6. Bc4 Qf6 7. Qd3 Bd7 8.
Nc3 O-O-O 9. Be3 Ne7 10. Nb5 Bxb5 11. Bxb5 Kb8 12. O-O Nc8 13. a4 Be7 14. a5 c6
15. a6 cxb5 16. Qxb5 Nb6 17. Bxb6 axb6 18. axb7 Kxb7 19. Qd5+ Kb8 20. Qa8+ Kc7
21. Ra7# 1-0

[Event "Guernsey Open 2013"]
[Site "Guernsey GCI"]
[Date "2013.10.22"]
[Round "3"]
[White "Wismayer, Clive R"]
[Black "Canonne, Antoine"]
[Result "1-0"]
[WhiteElo "2110"]
[BlackElo "1970"]
[PlyCount "161"]
[EventDate "2013.10.20"]
[EventType "swiss"]
[EventRounds "7"]

1. e4 c5 2. Nf3 e6 3. d3 Nc6 4. g3 d6 5. Bg2 Be7 6. O-O Bd7 7. Re1 Qc7 8. c3 h6
9. d4 O-O-O 10. dxc5 dxc5 11. e5 g5 12. Qe2 f6 13. exf6 Nxf6 14. Na3 Rhe8 15.
Nc4 e5 16. Nfd2 Bd6 17. Ne4 Nxe4 18. Bxe4 Be6 19. Be3 Bf8 20. a4 Qf7 21. b3 Bd5
22. Bxd5 Rxd5 23. Qg4+ Qe6 24. Qxe6+ Rxe6 25. Rad1 Rxd1 26. Rxd1 Kc7 27. Kg2 b6
28. Kf3 a6 29. Ke4 b5 30. axb5 axb5 31. Na3 b4 32. cxb4 Nxb4 33. Rc1 Kc6 34.
Nc4 Na2 35. Nxe5+ Kb5 36. Rc4 Nb4 37. f4 Bd6 38. Kf5 Re7 39. Bd2 Bxe5 40. fxe5
Nc6 41. e6 Rc7 42. Bc3 Ne7+ 43. Ke4 Ra7 44. Rxc5+ Kxc5 45. Bd4+ Kd6 46. Bxa7
Kxe6 47. Bc5 Nd5 48. Bd4 h5 49. h3 Nb4 50. Be3 g4 51. hxg4 hxg4 52. Bc5 Nd5 53.
Bd4 Nc7 54. Kf4 Kd5 55. Bb6 Ne8 56. Kxg4 Nf6+ 57. Kf5 Ne4 58. g4 Ng3+ 59. Kg6
Kc6 60. Be3 Kb5 61. Bd2 Ne4 62. Be1 Nc5 63. b4 Nd3 64. Bd2 Ne5+ 65. Kf5 Nf3 66.
Bc3 Kc4 67. Kf4 Nh4 68. Kg3 Ng6 69. Be1 Ne5 70. g5 Kd5 71. Bc3 Ng6 72. Kg4 Ke6
73. b5 Ne7 74. b6 Nc6 75. g6 Nd8 76. g7 Kf7 77. Kf5 Nb7 78. Ke4 Nd8 79. Kd5 Nb7
80. Kc6 Nd8+ 81. Kd7 1-0

[Event "Guernsey Open 2013"]
[Site "Guernsey GCI"]
[Date "2013.10.22"]
[Round "3"]
[White "Rowe, Peter"]
[Black "Taylor, Mark V"]
[Result "0-1"]
[WhiteElo "1971"]
[BlackElo "2087"]
[PlyCount "90"]
[EventDate "2013.10.20"]
[EventType "swiss"]
[EventRounds "7"]

1. d4 d6 2. Nf3 f5 3. Bf4 Nf6 4. h3 g6 5. e3 Bg7 6. Nbd2 O-O 7. Bd3 Nc6 8. O-O
Kh8 9. a3 Qe8 10. Be2 a5 11. Bh2 Bd7 12. Bb5 Nxd4 13. Nxd4 Bxb5 14. Ne6 Bxf1
15. Qxf1 Qd7 16. Nxf8 Rxf8 17. Qc4 b6 18. Nf3 b5 19. Qd3 e5 20. Qd2 a4 21. Rd1
Qc6 22. Qe2 Ne4 23. c3 Rb8 24. Qc2 Qc4 25. Ne1 Nc5 26. Bg3 Bf6 27. Nf3 Ne4 28.
Bh2 Kg7 29. Ne1 Nc5 30. Nf3 Nb3 31. Ne1 e4 32. g4 Nc5 33. Bg3 Nd7 34. Kg2 Rf8
35. Qd2 fxg4 36. hxg4 Ne5 37. Bxe5 Bxe5 38. Nc2 Qe6 39. Qe2 Rf3 40. Rg1 Qxg4+
41. Kf1 Qd7 42. c4 bxc4 43. Qxc4 d5 44. Qb4 Rf8 45. Nd4 c5 0-1

[Event "Guernsey Open 2013"]
[Site "Guernsey GCI"]
[Date "2013.10.22"]
[Round "3"]
[White "Collier, David"]
[Black "De Kruif, Kees"]
[Result "1-0"]
[WhiteElo "2074"]
[BlackElo "1930"]
[PlyCount "49"]
[EventDate "2013.10.20"]
[EventType "swiss"]
[EventRounds "7"]

1. d4 Nf6 2. Nf3 e6 3. c4 c5 4. d5 exd5 5. cxd5 d6 6. Nc3 Be7 7. h3 O-O 8. Bf4
Bf5 9. Nd2 b5 10. Nxb5 Nxd5 11. Bg3 Qa5 12. Na3 Re8 13. Nac4 Qd8 14. e4 Bf8 15.
Be2 Bxe4 16. Nxe4 Rxe4 17. Qxd5 Rxe2+ 18. Kxe2 Qe8+ 19. Kf1 Nc6 20. Re1 Ne5 21.
Bxe5 dxe5 22. Rxe5 Qb5 23. b3 Rc8 24. g3 a5 25. Kg2 1-0

[Event "Guernsey Open 2013"]
[Site "Guernsey GCI"]
[Date "2013.10.22"]
[Round "3"]
[White "Havenaar, Jan"]
[Black "Sikkel, Dirk"]
[Result "0-1"]
[WhiteElo "2072"]
[BlackElo "1923"]
[PlyCount "56"]
[EventDate "2013.10.20"]
[EventType "swiss"]
[EventRounds "7"]

1. Nc3 g6 2. e4 Bg7 3. f4 c5 4. Nf3 Nc6 5. Bb5 Nd4 6. Nxd4 cxd4 7. Ne2 a6 8.
Bd3 e6 9. O-O Ne7 10. c3 Nc6 11. Kh1 b5 12. Qe1 O-O 13. Qf2 f5 14. e5 d6 15.
Qf3 Qb6 16. cxd4 Bb7 17. Qe3 Rad8 18. Bb1 Nb4 19. Nc3 Qc6 20. Qe2 dxe5 21. dxe5
Rd4 22. d3 Nxd3 23. Be3 Rd7 24. a3 Rfd8 25. Ba2 Kf7 26. h3 Bf8 27. Bb3 Bc5 28.
Bxc5 Nxc5 0-1

[Event "Guernsey Open 2013"]
[Site "Guernsey GCI"]
[Date "2013.10.22"]
[Round "3"]
[White "Hoare, Amy"]
[Black "Prins, Jan"]
[Result "1/2-1/2"]
[WhiteElo "1930"]
[BlackElo "2064"]
[PlyCount "92"]
[EventDate "2013.10.20"]
[EventType "swiss"]
[EventRounds "7"]

1. e4 c6 2. c4 e5 3. Nf3 d6 4. Nc3 Nf6 5. Be2 Be7 6. d4 Qc7 7. h3 Nbd7 8. O-O
Nf8 9. Be3 Ng6 10. c5 dxc5 11. dxc5 h6 12. Bc4 O-O 13. b4 Bd7 14. Qb3 Qc8 15.
Kh2 Nh5 16. Ne2 Bf6 17. Rad1 a5 18. a3 axb4 19. axb4 Be6 20. Bxe6 Qxe6 21. Qxe6
fxe6 22. Rd7 Rfb8 23. Rfd1 Nhf4 24. Bxf4 exf4 25. e5 Nxe5 26. Nxe5 Bxe5 27. Re7
Ra2 28. Nc1 f3+ 29. Kg1 Ra1 30. Rxe6 Bb2 31. Ree1 Bc3 32. Nd3 Rxd1 33. Rxd1 Rd8
34. gxf3 Bxb4 35. Rb1 Rxd3 36. Rxb4 Rc3 37. Rxb7 Rxc5 38. f4 Kh7 39. Kg2 Kg6
40. Rc7 Kf6 41. h4 h5 42. Kg3 Rc3+ 43. f3 Rc2 44. f5 c5 45. Kf4 Rc4+ 46. Kg3
Rc2 1/2-1/2

[Event "Guernsey Open 2013"]
[Site "Guernsey GCI"]
[Date "2013.10.22"]
[Round "3"]
[White "Marley, Andrew"]
[Black "Milnes, Anthony CP"]
[Result "0-1"]
[WhiteElo "1905"]
[BlackElo "2054"]
[PlyCount "56"]
[EventDate "2013.10.20"]
[EventType "swiss"]
[EventRounds "7"]

1. d4 e6 2. Nf3 f5 3. g3 Nf6 4. Bg2 Be7 5. c4 O-O 6. O-O d6 7. Nc3 Ne4 8. Nxe4
fxe4 9. Nd2 d5 10. f3 exf3 11. Nxf3 Nc6 12. Be3 Bd7 13. Rc1 dxc4 14. Qc2 b5 15.
Qe4 Rb8 16. Bh3 Kh8 17. Bxe6 Bf6 18. Ng5 Bxg5 19. Rxf8+ Qxf8 20. Bxd7 Bxe3+ 21.
Qxe3 Qd6 22. Bxc6 Qxc6 23. Rf1 h6 24. Qe7 Qd6 25. Qxd6 cxd6 26. Rf7 a6 27. Rd7
b4 28. Rxd6 Rc8 0-1

[Event "Guernsey Open 2013"]
[Site "Guernsey GCI"]
[Date "2013.10.22"]
[Round "3"]
[White "Hewson, Brian WR"]
[Black "Reutimann, Hans Peter"]
[Result "1-0"]
[WhiteElo "2034"]
[BlackElo "1830"]
[PlyCount "57"]
[EventDate "2013.10.20"]
[EventType "swiss"]
[EventRounds "7"]

1. d4 d5 2. Nf3 Bf5 3. c4 e6 4. Nc3 Nf6 5. e3 c6 6. Nh4 Bg4 7. Qb3 b6 8. h3 Bh5
9. g4 Bg6 10. Nxg6 hxg6 11. Bg2 Qd6 12. Bd2 Na6 13. e4 dxe4 14. Nxe4 Nxe4 15.
Bxe4 Rc8 16. O-O-O Qxd4 17. Qa4 Qxe4 18. Qxa6 Rd8 19. Rhe1 Qf3 20. Bg5 Be7 21.
Rxd8+ Bxd8 22. Bxd8 Kxd8 23. Rd1+ Ke7 24. Qxa7+ Kf6 25. Qxb6 Qf4+ 26. Kb1 Rb8
27. Qd4+ Kg5 28. h4+ Kxg4 29. Rg1+ 1-0

[Event "Guernsey Open 2013"]
[Site "Guernsey GCI"]
[Date "2013.10.22"]
[Round "3"]
[White "Kirk, Matthew"]
[Black "Goris, Ton"]
[Result "0-1"]
[WhiteElo "1740"]
[BlackElo "2031"]
[PlyCount "84"]
[EventDate "2013.10.20"]
[EventType "swiss"]
[EventRounds "7"]

1. d4 c5 2. d5 Nf6 3. c4 e6 4. Nc3 exd5 5. cxd5 d6 6. e4 g6 7. f4 Bg7 8. Bb5+
Nbd7 9. a4 O-O 10. Nf3 Re8 11. Qc2 Nxe4 12. Nxe4 f5 13. O-O fxe4 14. Ng5 Bd4+
15. Kh1 Qf6 16. Ne6 Rxe6 17. dxe6 Qxe6 18. Re1 Nf6 19. Be3 a6 20. Bc4 d5 21.
Bxd4 cxd4 22. Ba2 Bd7 23. Qb3 Bc6 24. Rad1 Qd6 25. Rxd4 Qxf4 26. Qe3 Qe5 27.
Rxe4 Nxe4 28. Qxe4 Qxe4 29. Rxe4 Kg7 30. Rd4 Kf6 31. Kg1 Ke5 32. Rh4 h5 33. Bb1
Be8 34. a5 Rc8 35. Kf2 g5 36. Rb4 Bb5 37. Ke3 Rc1 38. Bd3 Bc6 39. h3 Ra1 40. g4
d4+ 41. Kf2 hxg4 42. hxg4 Rxa5 0-1

[Event "Guernsey Open 2013"]
[Site "Guernsey GCI"]
[Date "2013.10.22"]
[Round "3"]
[White "Gravett, Alan D"]
[Black "Schmitz, Manuela"]
[Result "0-1"]
[WhiteElo "1868"]
[BlackElo "2002"]
[PlyCount "64"]
[EventDate "2013.10.20"]
[EventType "swiss"]
[EventRounds "7"]

1. g3 Nf6 2. Bg2 e6 3. e4 d5 4. e5 Nfd7 5. d4 c5 6. c3 Nc6 7. Nf3 f6 8. exf6
Nxf6 9. Bg5 Bd6 10. O-O O-O 11. dxc5 Bxc5 12. a4 Qe8 13. Na3 a6 14. b4 Ba7 15.
b5 Na5 16. Bxf6 Rxf6 17. Ne5 Qf8 18. Ng4 Rf5 19. c4 Bc5 20. Qd3 Bxa3 21. Rxa3
Nxc4 22. Rc3 axb5 23. axb5 Ra2 24. Rxc4 dxc4 25. Qxc4 Rd2 26. Be4 Rc5 27. Qb4
Rd8 28. h4 b6 29. Qb1 h6 30. Re1 Rd2 31. Qb4 Qd8 32. Ne5 Rxe5 0-1

[Event "Guernsey Open 2013"]
[Site "Guernsey GCI"]
[Date "2013.10.22"]
[Round "3"]
[White "Dijksterhuis, Rolf"]
[Black "Brookfield, Toby"]
[Result "1/2-1/2"]
[WhiteElo "1988"]
[BlackElo "1892"]
[PlyCount "58"]
[EventDate "2013.10.20"]
[EventType "swiss"]
[EventRounds "7"]

1. e4 c5 2. Nf3 d6 3. d4 cxd4 4. Nxd4 Nf6 5. Nc3 g6 6. Bc4 Bg7 7. Bb3 Nc6 8.
Be3 O-O 9. f3 Bd7 10. Qd2 Rc8 11. O-O-O Nxd4 12. Bxd4 b5 13. e5 dxe5 14. Bxe5
Bc6 15. Qxd8 Rfxd8 16. Rxd8+ Rxd8 17. Rd1 Rxd1+ 18. Kxd1 b4 19. Ne2 Nd5 20.
Bxg7 Kxg7 21. Kd2 e5 22. c3 bxc3+ 23. Nxc3 Nxc3 24. Kxc3 f5 25. Kb4 e4 26. fxe4
fxe4 27. Kc3 Kf6 28. Kd4 e3 29. Kxe3 Bxg2 1/2-1/2

[Event "Guernsey Open 2013"]
[Site "Guernsey GCI"]
[Date "2013.10.22"]
[Round "3"]
[White "Murray, Jim"]
[Black "Hickman, John"]
[Result "1-0"]
[WhiteElo "1868"]
[BlackElo "1986"]
[PlyCount "91"]
[EventDate "2013.10.20"]
[EventType "swiss"]
[EventRounds "7"]

1. e4 d6 2. d4 Nf6 3. Nc3 g6 4. Nf3 Bg7 5. Be2 O-O 6. O-O Bg4 7. h3 Bxf3 8.
Bxf3 Nc6 9. Be3 e5 10. d5 Ne7 11. Na4 Nd7 12. c4 f5 13. c5 Nf6 14. cxd6 cxd6
15. Nc3 f4 16. Bd2 h5 17. Rc1 a6 18. Qe2 Qe8 19. Nb1 Qd7 20. Ba5 Rac8 21. Nd2
Kf7 22. Nc4 Rxc4 23. Rxc4 Qb5 24. Bc3 Qd7 25. Bb4 Rh8 26. Rfc1 g5 27. Rc7 Qd8
28. Rxb7 g4 29. hxg4 hxg4 30. Bxg4 Rh4 31. Be6+ Kg6 32. Rc3 Rh5 33. Rh3 Rg5 34.
Ba5 Qxa5 35. Rxe7 Nh7 36. Bg8 Nf8 37. Ra7 Qxa2 38. Rxa6 Qb1+ 39. Kh2 Nd7 40.
Rxd6+ Nf6 41. Qb5 Rxg2+ 42. Kxg2 Qxe4+ 43. Rf3 Kg5 44. Qd3 Qb4 45. Rxf6 e4 46.
R6xf4 1-0

[Event "Guernsey Open 2013"]
[Site "Guernsey GCI"]
[Date "2013.10.22"]
[Round "3"]
[White "Hawkins, J Nick"]
[Black "Kuenstler, Siegfried"]
[Result "0-1"]
[WhiteElo "1981"]
[BlackElo "1885"]
[PlyCount "66"]
[EventDate "2013.10.20"]
[EventType "swiss"]
[EventRounds "7"]

1. d4 f5 2. c4 Nf6 3. Nc3 e6 4. g3 Bb4 5. Bg2 O-O 6. Qb3 Bxc3+ 7. bxc3 d5 8.
Nf3 c6 9. Ne5 Nbd7 10. Bg5 Qb6 11. Nxd7 Bxd7 12. Bxf6 Rxf6 13. c5 Qa5 14. Kd2
b5 15. a4 Qc7 16. axb5 cxb5 17. Bxd5 Rb8 18. Bg2 a5 19. Qa3 a4 20. Rab1 f4 21.
Rhf1 Rh6 22. Rh1 Rf6 23. Rbf1 Rbf8 24. Ke1 g5 25. d5 exd5 26. Bxd5+ Kg7 27. h4
fxg3 28. hxg5 Rxf2 29. Qb4 R8f4 30. Be4 Rxf1+ 31. Rxf1 Rxf1+ 32. Kxf1 Qf4+ 33.
Bf3 Bh3+ 0-1

[Event "Guernsey Open 2013"]
[Site "Guernsey GCI"]
[Date "2013.10.22"]
[Round "3"]
[White "Von Saldern, Ruediger"]
[Black "Dennis, Nigel"]
[Result "1-0"]
[WhiteElo "1962"]
[BlackElo "1845"]
[PlyCount "61"]
[EventDate "2013.10.20"]
[EventType "swiss"]
[EventRounds "7"]

1. d4 Nf6 2. Nf3 g6 3. c4 Bg7 4. Nc3 O-O 5. e4 d6 6. Bd3 e5 7. dxe5 dxe5 8. O-O
Bg4 9. Bg5 Nc6 10. Nd5 Nd4 11. Be2 Bxf3 12. Bxf3 c6 13. Ne3 Qb6 14. b3 Rfe8 15.
Re1 a5 16. Rb1 Qc5 17. Qc1 Rad8 18. a3 Nxf3+ 19. gxf3 Rd3 20. b4 axb4 21. axb4
Qd4 22. b5 c5 23. Rd1 Rd8 24. Qc2 Rd6 25. Qa4 Re6 26. Qa8+ Re8 27. Qxb7 Rxd1+
28. Rxd1 Qb2 29. Qc6 Re6 30. Rd8+ Bf8 31. Qc8 1-0

[Event "Guernsey Open 2013"]
[Site "Guernsey GCI"]
[Date "2013.10.22"]
[Round "3"]
[White "Joualt, Louis"]
[Black "Murray, Steve"]
[Result "1/2-1/2"]
[WhiteElo "1917"]
[BlackElo "1844"]
[PlyCount "57"]
[EventDate "2013.10.20"]
[EventType "swiss"]
[EventRounds "7"]

1. e4 c5 2. Nf3 d6 3. d4 cxd4 4. Nxd4 Nf6 5. Nc3 a6 6. Be3 e5 7. Nf3 h6 8. Qd2
Be6 9. Rd1 Be7 10. Bd3 Nbd7 11. O-O Rc8 12. Ne1 Ng4 13. h3 Nxe3 14. Qxe3 Qc7
15. Nd5 Bxd5 16. exd5 Qc5 17. Qg3 O-O 18. c4 f5 19. b3 e4 20. Bb1 Ne5 21. Kh1
f4 22. Qc3 e3 23. Nd3 Qc7 24. Nxe5 e2 25. Qd3 exf1=Q+ 26. Rxf1 dxe5 27. Qh7+
Kf7 28. Qg6+ Kg8 29. Qh7+ 1/2-1/2